ბათუმის შოთა რუსთაველის სახელმწიფო უნივერსიტეტის ბიბლიოთეკა

ქართველი ერის ისტორიის შესავალი. წ.2. ქართული და კავკასიური ენების თავდაპირველი ბუნება და ნათესაობა (ბიბ.ჩანაწერი № 51100)

000 -LEADER
fixed length control field 01641nam a2200241Ia 4500
001 - CONTROL NUMBER
control field 18057
003 - CONTROL NUMBER IDENTIFIER
control field GE_BSU
008 - FIXED-LENGTH DATA ELEMENTS--GENERAL INFORMATION
fixed length control field 181216s||||||||xx |||||||||||||| ||und||
040 ## - CATALOGING SOURCE
Transcribing agency GE_BSU
080 ## - UNIVERSAL DECIMAL CLASSIFICATION NUMBER
Universal Decimal Classification number 811.353.1
100 ## - MAIN ENTRY--PERSONAL NAME
Personal name ჯავახიშვილი, ი. (ივანე, 1876-1940)
245 ## - TITLE STATEMENT
Title ქართველი ერის ისტორიის შესავალი. წ.2. ქართული და კავკასიური ენების თავდაპირველი ბუნება და ნათესაობა
250 ## - EDITION STATEMENT
Edition statement საქ. სსრ მეცნ. აკად.
260 ## - PUBLICATION, DISTRIBUTION, ETC.
Place of publication, distribution, etc. თბილისი
260 ## - PUBLICATION, DISTRIBUTION, ETC.
Name of publisher, distributor, etc. სსრკ მეცნ. აკად. საქ. ფილიალის გამომცემლობა
260 ## - PUBLICATION, DISTRIBUTION, ETC.
Date of publication, distribution, etc. 1937
300 ## - PHYSICAL DESCRIPTION
Extent 754გვ.25 სმ.
300 ## - PHYSICAL DESCRIPTION
Accompanying material დანართი: პირთა საძიებელი (გვ. 629-632), გეოგრაფიული სახელების საძიებელი (გვ. 632-639), ტომობრივი სახელების საძიებელი (გვ. 641-643), ტერმინების საძიებელი (გვ. 643-754).
520 ## - SUMMARY, ETC.
Summary, etc. დამატ. თავფურ. რუს. და ფრანგ. ენ
653 ## - INDEX TERM--UNCONTROLLED
Uncontrolled term ქართული და კავკასიური ენების თავდაპირველი ბუნება და ნათესაობა.
653 ## - INDEX TERM--UNCONTROLLED
Uncontrolled term ქართული ენა; კავკასიური ენები
942 ## - ADDED ENTRY ELEMENTS (KOHA)
Koha item type წიგნი
ეგზემპლარები
Withdrawn status Lost status Damaged status Not for loan Date acquired Barcode Date last seen Price effective from Koha item type
        2018-12-17 46025 2018-12-17 2018-12-17 წიგნი
        2018-12-17 46026 2018-12-17 2018-12-17 წიგნი
        2018-12-17 46027 2018-12-17 2018-12-17 წიგნი
        2018-12-17 46028 2018-12-17 2018-12-17 წიგნი
        2018-12-17 46029 2018-12-17 2018-12-17 წიგნი
        2018-12-17 46030 2018-12-17 2018-12-17 წიგნი
        2018-12-17 46031 2018-12-17 2018-12-17 წიგნი
        2018-12-17 46032 2018-12-17 2018-12-17 წიგნი